Teoría del poder

Guardat en:
Dades bibliogràfiques
Autor principal: Blanco Ande, Joaquín (Autor)
Format: Llibre
Idioma:espanyol
Publicat: Madrid Pirámide 1977
Matèries:
Etiquetes: Afegir etiqueta
Sense etiquetes, Sigues el primer a etiquetar aquest registre!

MARC

LEADER 00000nam a2200000 a 4500
001 UCP6651
003 CL-VaPUC
005 20241127085255.0
008 991112e19770000SP |||||||||||||||||spa|d
999 |c 284122  |d 284120 
040 |c Pontificia Universidad Católica de Valparaíso 
082 0 4 |a 320.01  |b BLA  |2 21 
100 0 |a Blanco Ande, Joaquín  |e author  |9 435837 
245 1 0 |a Teoría del poder 
260 |a Madrid  |b Pirámide  |c 1977 
300 |a 319 p 
583 |a last modification  |c 19991112 00:00:00  |k Rodrigo Vera 
600 0 |a Aristóteles,  |d 384 a.C.- 322 a.C.  |9 194 
600 0 |a San Agustín de Hipona  |x Teólogo y filósofo cristiano   |9 311590 
600 0 |a Maquiavelo, Nicolás  |d 1469-1527  |9 255701 
600 0 7 |a Montaigne, Michel de,  |d 1533-1592  |9 866943 
600 0 |a Hobbes, Thomas  |d 1588-1679  |9 860396 
650 7 |a TEORIA POLITICA  |2 CL-VaPUC  |9 435838 
650 0 |a Sistemas de gobiernos   |9 330159 
650 0 |a Poder político  |9 255509 
650 7 |a DOCTRINASS POLITICAS  |2 CL-VaPUC  |9 435839 
942 |c BK  |2 ddc 
945 |d 19991112 00:00:00  |a crobeson 
952 |0 0  |1 0  |4 0  |6 320_010000000000000_BLA_1977  |7 0  |8 A  |9 327889  |a BIBHIS  |b BIBHIS  |d 2019-11-20  |i 1371045  |o 320.01 BLA 1977  |p 1371045  |r 2025-01-20  |w 2019-11-20  |y BK  |k HIS